000 00597nam a2200229Ia 4500
003 OSt
005 20220918191052.0
006 a|||||r|||| 00| 0
007 ta
008 220917b |||||||| |||| 00| 0 eng d
024 _a61,262
037 _cTextual
040 _aARTS
_cARTS
_beng
041 _2eng
_aeng
082 _aQ6, L1
100 _aBabcock Winifred
_974799
245 0 _aPalstinian mystery play
_b based on the shining stranger by Preston Harold
260 _c1971
650 _aRELIGION
942 _hQ6, L1
_cTEXL
_2CC
999 _c188124
_d188124